01201nab a2200301uuc450000100070000000500170000700800410002403500110006503500210007604000130009704100080011010000420011824501200016026000100028065000240029065000350031465000480034965000190039765000140041670000450043070000390047570000370051470000440055170000370059570000360063270000410066877301900070996222420240201202824.0060206e20050501 spa  a962224 a(OCoLC)820343524 ccomduadb aspa10aMoncayo Ortiz, Jose Ignacio4auteaut10aPrevalencia de Helicobacter pylori en estudiantes con sintomas dispepticos de la Universidad Tecnologica de Pereira c2005. aHelicobacter pylori aDiagnóstico microbiológico aPCR (Reacción en cadena de la polimerasa) aHistopatologia aDispepsia10aSantacruz Ibarra, Jorge Javier4auteaut10aAlvarez Aldana, Ada Lucy4auteaut10aFranco Ospina, Beatriz4auteaut10aLopez Barrero, Manuel Alfonso4auteaut10aCano Giraldo, Solangel4auteaut10aValencia Yepes, Sonia4auteaut10aSerrano Lopez, Herman Jose4auteaut0 tRevista Médica de Risaralda : Órgano de la Facultad de Medicina de la Universidad Tecnológica de Pereira (Pereira)gVol. 11, No. 01, May. 2005, p. 17-25w481600x0122-06670125641